[Event "1.CLZ 24/25,Ricany 1925-TJ Pankrac"]
[Site "Ricany"]
[Date "2024.12.08"]
[Round "4.6"]
[White "Soucek, Jan"]
[Black "Ocelak, Jakub"]
[WhiteElo "2284"]
[BlackElo "2208"]
[Result "1/2-1/2"]
[PlyCount "56"]

1. d4 d5 2. Nf3 Nf6 3. e3 c5 4. Nbd2 Nbd7 5. b3 cxd4 6. exd4 g6 7. Bb2 Bg7 8.
Bd3 O-O 9. O-O Nh5 10. Re1 Nc5 11. Bf1 Ne6 12. Ne5 b6 13. Qe2 Qc7 14. c4 Bb7
15. Qe3 dxc4 16. bxc4 Nd8 17. Ndf3 e6 18. Rad1 Nf6 19. Qf4 Rc8 20. Qh4 Bxf3 21.
Nxf3 Nh5 22. Ba3 Bf6 23. Qg4 Be7 24. Bb2 Bb4 25. Re5 f5 26. Qg5 Nf7 27. Qe3
Nxe5 28. Nxe5 Bd6 1/2-1/2

[Event "1.CLZ 24/25,Ricany 1925-TJ Pankrac"]
[Site "Ricany"]
[Date "2024.12.08"]
[Round "4.7"]
[White "Le, Anh"]
[Black "Petr, Jan"]
[WhiteElo "2235"]
[BlackElo "2046"]
[Result "1-0"]
[PlyCount "77"]

1. d4 d5 2. Nc3 Nf6 3. Bf4 e6 4. Nb5 Bd6 5. Nxd6+ cxd6 6. e3 Nc6 7. c3 O-O 8.
h3 Re8 9. Nf3 e5 10. Bh2 Qb6 11. Qb3 Bf5 12. Qxb6 axb6 13. Bb5 Nd7 14. O-O f6
15. Rfd1 Ra5 16. a4 Bc2 17. Rd2 Bxa4 18. Rxa4 Rxb5 19. b4 Ndb8 20. g4 Na6 21.
Kf1 Rc8 22. Ne1 Nd8 23. Ra3 Ne6 24. h4 Kf7 25. Nc2 Nec7 26. Rb3 Ke6 27. Na3 h5
28. gxh5 Rh8 29. Kg2 Rxh5 30. Bg3 Rh8 31. Rd1 Nb8 32. e4 exd4 33. Rxd4 Rh5 34.
Nxb5 Nxb5 35. exd5+ Rxd5 36. Re4+ Kf7 37. c4 Rd4 38. Rbe3 Rxe4 39. Rxe4 1-0

[Event "1.CLZ 24/25,Ricany 1925-TJ Pankrac"]
[Site "Ricany"]
[Date "2024.12.08"]
[Round "4.8"]
[White "Vicar, Petr"]
[Black "Hlavina, Matous"]
[WhiteElo "2061"]
[BlackElo "2271"]
[Result "0-1"]
[PlyCount "30"]

1. e4 c5 2. Nf3 d6 3. Bc4 Nf6 4. Nc3 a6 5. a4 Nc6 6. O-O Bg4 7. h3 Bh5 8. g4
Bg6 9. d3 Qd7 10. Bf4 h5 11. Nh2 hxg4 12. hxg4 e6 13. Ne2 e5 14. Bg3 Nxg4 15.
Nc3 Nxh2 0-1

[Event "1.CLZ 24/25,Spartak Vlasim-Slavoj Litomerice"]
[Site "Vlasim"]
[Date "2024.12.08"]
[Round "4.1"]
[White "Mladek, Richard"]
[Black "Petr, Martin"]
[WhiteElo "2382"]
[BlackElo "2470"]
[Result "0-1"]
[PlyCount "76"]

1. d4 Nf6 2. c4 g6 3. Nc3 d5 4. cxd5 Nxd5 5. e4 Nxc3 6. bxc3 Bg7 7. Nf3 c5 8.
h3 O-O 9. Be3 Nc6 10. Be2 cxd4 11. cxd4 Qa5+ 12. Bd2 Qa3 13. d5 Ne5 14. O-O
Nxf3+ 15. Bxf3 Bxa1 16. Qxa1 f6 17. Rb1 Rf7 18. Rb3 Qd6 19. Bb4 Qb8 20. e5 Qxe5
21. Qd1 Bf5 22. Re3 Qb2 23. Bxe7 Rc8 24. Ba3 Qxa2 25. d6 Be6 26. Qe1 Kg7 27.
Bb4 Bf5 28. g4 Qb1 29. Qxb1 Bxb1 30. Bd5 Rd7 31. Be6 Rcd8 32. Rc3 Rxd6 33. Rc7+
Kh6 34. Bxd6 Rxd6 35. Bg8 Kg5 36. Rxb7 Rd1+ 37. Kh2 Be4 38. Rb5+ Kh4 0-1

[Event "1.CLZ 24/25,Spartak Vlasim-Slavoj Litomerice"]
[Site "Vlasim"]
[Date "2024.12.08"]
[Round "4.2"]
[White "Hollan, Martin"]
[Black "Rydl, Jiri"]
[WhiteElo "2338"]
[BlackElo "2398"]
[Result "1/2-1/2"]
[PlyCount "80"]

1. e4 e6 2. d4 d5 3. Nc3 dxe4 4. Nxe4 Nd7 5. Bd3 Ngf6 6. Qe2 c5 7. Nf3 Qc7 8.
Neg5 h6 9. Bg6 hxg5 10. Bxf7+ Kd8 11. Nxg5 Nb6 12. Bxe6 Rxh2 13. Rg1 Rh5 14.
Nf7+ Ke8 15. Bxc8+ Kxf7 16. Be6+ Ke8 17. Bg4+ Qe7 18. Bxh5+ Nxh5 19. Be3 Nf6
20. dxc5 Nbd5 21. O-O-O Nxe3 22. Rge1 Kf7 23. Qf3 Nxd1 24. Qb3+ Ke8 25. Rxe7+
Bxe7 26. Kxd1 Rd8+ 27. Ke2 Rd7 28. Qc4 Rc7 29. Qa4+ Kd8 30. Qxa7 Bxc5 31. Qb8+
Kd7 32. Qa8 Kd6 33. c3 Re7+ 34. Kf1 Ne4 35. Qb8+ Kc6 36. Qc8+ Kd6 37. Qb8+ Kc6
38. Qc8+ Kd6 39. Qb8+ Kc6 40. Qc8+ Kd6 1/2-1/2

[Event "1.CLZ 24/25,Spartak Vlasim-Slavoj Litomerice"]
[Site "Vlasim"]
[Date "2024.12.08"]
[Round "4.3"]
[White "Vojta, Jakub"]
[Black "Hollan, Petr"]
[WhiteElo "2263"]
[BlackElo "2233"]
[Result "1-0"]
[PlyCount "87"]

1. c4 e6 2. Nf3 d5 3. g3 Nf6 4. Bg2 Be7 5. O-O O-O 6. b3 c5 7. Bb2 Nc6 8. e3 b6
9. Nc3 Ba6 10. d3 Rc8 11. Nb5 Ne8 12. Qe2 Bf6 13. Rfd1 Bxb2 14. Qxb2 Qe7 15.
Rac1 Nf6 16. Qa3 Nb4 17. Qa4 dxc4 18. dxc4 Bxb5 19. cxb5 e5 20. a3 e4 21. axb4
exf3 22. Bxf3 cxb4 23. Rxc8 Rxc8 24. Rd4 g6 25. Bc6 h5 26. h3 Rc7 27. Rxb4 Qe6
28. Kg2 Kg7 29. Rd4 Qe5 30. Rd8 Re7 31. Qd4 Re6 32. Qxe5 Rxe5 33. Ra8 Re7 34.
Kf3 Nd7 35. Ke2 Ne5 36. Bd5 Rc7 37. f4 Nd7 38. Bc6 Nc5 39. b4 Na6 40. bxa6 Rxc6
41. Rxa7 Rc4 42. Rd7 Rxb4 43. Rd4 Rb2+ 44. Rd2 1-0

[Event "1.CLZ 24/25,Spartak Vlasim-Slavoj Litomerice"]
[Site "Vlasim"]
[Date "2024.12.08"]
[Round "4.4"]
[White "Brejnik, Gustav"]
[Black "Zvolensky, David"]
[WhiteElo "2237"]
[BlackElo "2152"]
[Result "1/2-1/2"]
[PlyCount "78"]

1. d4 Nf6 2. c4 e6 3. Nf3 d5 4. g3 c5 5. cxd5 exd5 6. Bg2 Nc6 7. O-O Be6 8. Nc3
h6 9. Bf4 Ne4 10. Rc1 Nxc3 11. Rxc3 c4 12. Ne5 Bb4 13. Nxc6 bxc6 14. Rc1 O-O
15. e4 dxe4 16. Bxe4 Bd5 17. Bb1 Bd6 18. Bxd6 Qxd6 19. Re1 Rfe8 20. Qc2 g6 21.
Qd2 Qf6 22. Qc3 Rab8 23. Re5 Rxe5 24. dxe5 Qf3 25. Qxf3 Bxf3 26. Rxc4 Rxb2 27.
Be4 Bxe4 28. Rxe4 Rxa2 29. Rc4 Ra5 30. Rxc6 Rxe5 31. Ra6 Re7 32. g4 Kf8 33. Kg2
Ke8 34. h4 Kf8 35. Kg3 Kg7 36. Ra5 Rb7 37. Ra6 Rc7 38. Ra5 Kf6 39. Ra6+ Kg7
 1/2-1/2

[Event "1.CLZ 24/25,Spartak Vlasim-Slavoj Litomerice"]
[Site "Vlasim"]
[Date "2024.12.08"]
[Round "4.5"]
[White "Vorisek, Jakub"]
[Black "Hinks-Edwards, Thomas"]
[WhiteElo "2134"]
[BlackElo "2287"]
[Result "0-1"]
[PlyCount "90"]

1. Nf3 c5 2. g3 Nc6 3. Bg2 g6 4. O-O Bg7 5. d3 d6 6. c4 Qd7 7. Nc3 e6 8. e3
Nge7 9. d4 O-O 10. b3 cxd4 11. exd4 Nf5 12. Be3 Rb8 13. Rc1 Nxe3 14. fxe3 a6
15. e4 Qc7 16. Kh1 Bd7 17. Qd2 Qa5 18. Rfd1 Rbc8 19. Ne2 Qxd2 20. Rxd2 Bh6 21.
Nf4 g5 22. d5 gxf4 23. dxc6 Bxc6 24. Rxd6 fxg3 25. Rcd1 gxh2 26. Nxh2 Bf4 27.
R6d3 f6 28. Rf1 e5 29. Ng4 Kg7 30. Rfd1 h5 31. Nf2 Kh6 32. Bh3 Rce8 33. Bf5 Rg8
34. Rd6 Ref8 35. Nd3 Rg5 36. Nb4 Rxf5 37. Nxc6 Rg5 38. Ne7 Be3 39. Rd7 b5 40.
Rf1 Rf7 41. Rfd1 Bd4 42. cxb5 axb5 43. a4 bxa4 44. bxa4 Kh7 45. a5 Rgg7 0-1

[Event "1.CLZ 24/25,Spartak Vlasim-Slavoj Litomerice"]
[Site "Vlasim"]
[Date "2024.12.08"]
[Round "4.6"]
[White "Kopriva, Martin"]
[Black "Dudek, Vojtech"]
[WhiteElo "2166"]
[BlackElo "2159"]
[Result "1/2-1/2"]
[PlyCount "29"]

1. e4 c5 2. Nf3 Nc6 3. d4 cxd4 4. Nxd4 g6 5. Nc3 Bg7 6. Be3 Nf6 7. Bc4 Qa5 8.
O-O O-O 9. Bb3 d6 10. h3 Bd7 11. f4 Qh5 12. Qd2 b5 13. Qd3 a6 14. Rae1 b4 15.
Nce2 1/2-1/2

[Event "1.CLZ 24/25,Spartak Vlasim-Slavoj Litomerice"]
[Site "Vlasim"]
[Date "2024.12.08"]
[Round "4.7"]
[White "Vojta, Tomas"]
[Black "Ret, Adam"]
[WhiteElo "2324"]
[BlackElo "2121"]
[Result "1-0"]
[PlyCount "151"]

1. e4 c5 2. f4 d5 3. exd5 Nf6 4. Nf3 Nxd5 5. Nc3 Nxc3 6. bxc3 g6 7. Rb1 Bg7 8.
Bb5+ Nd7 9. Qe2 O-O 10. O-O Nb6 11. Ba3 Qc7 12. Ne5 Be6 13. Bd3 Bxa2 14. Rb5
Be6 15. Rxc5 Qd6 16. Ra5 Qc7 17. Rb5 a6 18. Rbb1 Na4 19. Kh1 b5 20. Be4 Rac8
21. Qf2 Nc5 22. Bf3 Nb7 23. Qa7 Nc5 24. Qxc7 Rxc7 25. Nc6 Na4 26. Nxe7+ Kh8 27.
Nd5 Bxd5 28. Bxf8 Bxf8 29. Bxd5 Rd7 30. c4 Nb6 31. d3 Nxd5 32. cxd5 Rxd5 33.
Rfe1 Bd6 34. Re8+ Kg7 35. Ra8 Bxf4 36. Rxa6 Rc5 37. g3 Bd2 38. Ra2 b4 39. Rf1
Rc7 40. Rf2 Bc3 41. Re2 h5 42. Kg2 Rb7 43. Ra8 Bf6 44. Kf3 Rd7 45. Rb8 Bc3 46.
Re4 Ra7 47. Rc8 g5 48. g4 hxg4+ 49. Kxg4 Ra2 50. Kf3 f5 51. Rc7+ Kf6 52. Rc6+
Kf7 53. Re2 Ra1 54. Rce6 Bf6 55. Re1 Ra2 56. R6e2 Ra7 57. h3 Bc3 58. Rf1 Ra2
59. Ke3 Kf6 60. d4 Ra5 61. Rd1 Rd5 62. Rd3 Kg6 63. Kf3 Rxd4 64. Rxd4 Bxd4 65.
Re7 Bc3 66. Rb7 Kh5 67. Rb5 Kg6 68. Ke3 Be1 69. Rb6+ Kh5 70. Rf6 Kh4 71. Rxf5
Bg3 72. Kf3 Be1 73. Rb5 Kxh3 74. Rxg5 Kh4 75. Rg8 Bc3 76. Ke4 1-0

[Event "1.CLZ 24/25,Spartak Vlasim-Slavoj Litomerice"]
[Site "Vlasim"]
[Date "2024.12.08"]
[Round "4.8"]
[White "Filindash, Nikita"]
[Black "Krizek, Krystof"]
[WhiteElo "2018"]
[BlackElo "2013"]
[Result "1-0"]
[PlyCount "59"]

1. d4 d6 2. Nf3 Nf6 3. c4 g6 4. Nc3 Bg7 5. e4 O-O 6. Be2 e5 7. O-O Qe8 8. d5
Nh5 9. g3 f5 10. Nh4 f4 11. Rb1 Bh3 12. Ng2 Qf7 13. Bf3 a5 14. a3 Na6 15. b4
axb4 16. axb4 Qd7 17. Ba3 Nf6 18. Rb3 g5 19. Be2 Ng4 20. c5 Rf6 21. c6 bxc6 22.
dxc6 Qc8 23. Nd5 Rf7 24. b5 fxg3 25. Rxg3 Nb8 26. Qb3 Qf8 27. Rxh3 Rxa3 28.
Qxa3 Rxf2 29. Rf3 Rxf1+ 30. Rxf1 1-0

[Event "1.CLZ 24/25,Lysa nad Labem B-Cesky lev Kolesovice"]
[Site "Lysa nad Labem"]
[Date "2024.12.08"]
[Round "4.1"]
[White "Kraus, Tomas"]
[Black "Movsesjan, Sergej"]
[WhiteElo "2447"]
[BlackElo "2602"]
[Result "1/2-1/2"]
[PlyCount "72"]

1. e4 c5 2. Nf3 e6 3. c4 Nc6 4. d4 cxd4 5. Nxd4 Nf6 6. Nc3 Bb4 7. Nxc6 bxc6 8.
Bd3 e5 9. O-O O-O 10. h3 Bc5 11. Re1 d6 12. Be3 Nd7 13. Qd2 Qe7 14. Rad1 Rd8
15. Bf1 Bxe3 16. Rxe3 Nc5 17. b4 Ne6 18. Rd3 Nd4 19. Ne2 c5 20. Nxd4 cxd4 21.
Rc1 Bb7 22. f3 Rdc8 23. Rb3 Qd7 24. c5 dxc5 25. bxc5 Bc6 26. Rcb1 h6 27. Qa5
Kh7 28. Ba6 Rc7 29. Rb8 Qe7 30. Rxa8 Bxa8 31. Rc1 Rc6 32. Bd3 Qg5 33. Qe1 Qe7
34. Qb4 Qg5 35. Qe1 Qe7 36. Qb4 Qg5 1/2-1/2

[Event "1.CLZ 24/25,Lysa nad Labem B-Cesky lev Kolesovice"]
[Site "Lysa nad Labem"]
[Date "2024.12.08"]
[Round "4.2"]
[White "Rodshtein, Maxim"]
[Black "Vykouk, Jan"]
[WhiteElo "2622"]
[BlackElo "2465"]
[Result "1-0"]
[PlyCount "91"]

1. Nf3 e6 2. g3 Nf6 3. Bg2 d5 4. O-O Be7 5. c4 O-O 6. d3 h6 7. b3 c5 8. Bb2 Nc6
9. e3 b6 10. Nc3 Bb7 11. Qe2 Re8 12. Rfd1 Rc8 13. d4 Ba6 14. dxc5 bxc5 15. Na4
Qc7 16. Rac1 e5 17. Ne1 dxc4 18. bxc4 Na5 19. Nf3 Bd6 20. Nd2 Rb8 21. Bc3 Bf8
22. Nb2 Nc6 23. Ne4 Nd7 24. Qg4 Nd4 25. exd4 exd4 26. Ba5 Qxa5 27. Qxd7 Bb7 28.
Re1 Re6 29. Qa4 Qxa4 30. Nxa4 Rbe8 31. Nf6+ gxf6 32. Rxe6 Rxe6 33. Bxb7 Re2 34.
a3 Ra2 35. Rb1 Rxa3 36. Bc6 Bd6 37. Kg2 f5 38. Rb7 f4 39. Rd7 f3+ 40. Kh3 Bf8
41. Rxa7 Ra2 42. Bd5 d3 43. Rxf7 d2 44. Nc3 Rc2 45. Ne4 Bg7 46. Rxf3+ 1-0

[Event "1.CLZ 24/25,Lysa nad Labem B-Cesky lev Kolesovice"]
[Site "Lysa nad Labem"]
[Date "2024.12.08"]
[Round "4.3"]
[White "Pulpan, Jakub"]
[Black "Neuman, Petr"]
[WhiteElo "2409"]
[BlackElo "2425"]
[Result "1/2-1/2"]
[PlyCount "47"]

1. e4 c5 2. Nf3 Nc6 3. d4 cxd4 4. Nxd4 Nf6 5. Nc3 e5 6. Ndb5 d6 7. Bg5 a6 8.
Na3 b5 9. Bxf6 gxf6 10. Nd5 Bg7 11. Bd3 Ne7 12. Nxe7 Qxe7 13. O-O O-O 14. c4 f5
15. Qh5 bxc4 16. Nxc4 d5 17. exd5 e4 18. Be2 Rb8 19. Rab1 f4 20. f3 f5 21. d6
Qf6 22. fxe4 fxe4 23. Qd5+ Qe6 24. Qxe6+ 1/2-1/2

[Event "1.CLZ 24/25,Lysa nad Labem B-Cesky lev Kolesovice"]
[Site "Lysa nad Labem"]
[Date "2024.12.08"]
[Round "4.4"]
[White "Svoboda, Svatopluk"]
[Black "Cerveny, Martin"]
[WhiteElo "2338"]
[BlackElo "2321"]
[Result "1-0"]
[PlyCount "59"]

1. e4 c5 2. Nf3 d6 3. d4 cxd4 4. Qxd4 a6 5. c4 Nc6 6. Qd2 g6 7. b3 Bh6 8. Qc3
f6 9. Be2 Bg4 10. O-O Bxf3 11. Bxf3 Qb6 12. Rd1 a5 13. Qb2 Bxc1 14. Qxc1 h5 15.
Nc3 Rc8 16. Qd2 Nh6 17. Nd5 Qc5 18. a3 Nf7 19. b4 Qa7 20. Be2 Nce5 21. Nf4 O-O
22. Ne6 Rfe8 23. Rdc1 Nd8 24. Nd4 Ndc6 25. Nb5 Qb8 26. f4 Nf7 27. f5 Kg7 28.
fxg6 Ng5 29. h4 Nxe4 30. Qd5 1-0

[Event "1.CLZ 24/25,Lysa nad Labem B-Cesky lev Kolesovice"]
[Site "Lysa nad Labem"]
[Date "2024.12.08"]
[Round "4.5"]
[White "Suran, Jan"]
[Black "Studnicka, Tomas"]
[WhiteElo "2366"]
[BlackElo "2256"]
[Result "1-0"]
[PlyCount "105"]

1. e4 e5 2. Nf3 Nf6 3. Nxe5 d6 4. Nf3 Nxe4 5. Bd3 Nf6 6. h3 Be7 7. O-O Nbd7 8.
c3 Ne5 9. Bc2 O-O 10. d4 Ng6 11. Re1 Re8 12. Nbd2 Bf8 13. Rxe8 Qxe8 14. Nf1 Bd7
15. Ng3 Bc6 16. Bg5 Be7 17. Qd3 h6 18. Bxf6 Bxf6 19. Re1 Qd8 20. Qe3 Nf8 21.
Be4 Bxe4 22. Qxe4 Rb8 23. Nf5 Qd7 24. d5 Ng6 25. h4 a6 26. Qg4 Kh7 27. Nxh6 Qb5
28. Nxf7 Qxd5 29. N7g5+ Kg8 30. c4 Qc6 31. Qe6+ Kh8 32. Nf7+ Kh7 33. N3g5+ Bxg5
34. Nxg5+ Kh6 35. h5 Kxh5 36. Nf7 Qxg2+ 37. Kxg2 Nf4+ 38. Kg3 Nxe6 39. Rxe6 Rf8
40. Re7 Kg6 41. Nxd6 cxd6 42. Rxb7 Rc8 43. Rb6 Rxc4 44. Rxd6+ Kf5 45. Rxa6 Rc2
46. Rb6 Rc4 47. Rb5+ Kf6 48. a3 g5 49. Rb4 Rc1 50. a4 Rg1+ 51. Kf3 Ra1 52. b3
Ra3 53. Ke4 1-0

[Event "1.CLZ 24/25,Lysa nad Labem B-Cesky lev Kolesovice"]
[Site "Lysa nad Labem"]
[Date "2024.12.08"]
[Round "4.6"]
[White "Walek, Petr"]
[Black "Mikes, Jan"]
[WhiteElo "2256"]
[BlackElo "2361"]
[Result "1-0"]
[PlyCount "63"]

1. e4 c5 2. Nf3 Nc6 3. Nc3 e6 4. d4 cxd4 5. Nxd4 Nf6 6. Nxc6 bxc6 7. e5 Nd5 8.
Ne4 Qc7 9. f4 Rb8 10. c4 Bb4+ 11. Ke2 O-O 12. a3 Be7 13. cxd5 cxd5 14. Nd6 f6
15. Ke1 fxe5 16. fxe5 Bxd6 17. exd6 Qxd6 18. Bd3 Ba6 19. Bxa6 Qxa6 20. Qe2 Qa4
21. Rf1 Rfc8 22. Rf2 Rc4 23. Kf1 h6 24. Be3 Rbc8 25. Qf3 Qb5 26. Kg1 d4 27.
Bxh6 gxh6 28. Qf7+ Kh8 29. Qf6+ Kh7 30. Qe7+ Kh8 31. Raf1 Rg8 32. Rf7 1-0

[Event "1.CLZ 24/25,Lysa nad Labem B-Cesky lev Kolesovice"]
[Site "Lysa nad Labem"]
[Date "2024.12.08"]
[Round "4.7"]
[White "Spacek, Petr"]
[Black "Vagner, Tomas"]
[WhiteElo "2279"]
[BlackElo "2213"]
[Result "0-1"]
[PlyCount "110"]

1. d4 d5 2. c4 e6 3. Nc3 Nf6 4. cxd5 exd5 5. Bg5 c6 6. e3 h6 7. Bh4 Bf5 8. Qf3
Qb6 9. Qxf5 Qxb2 10. Qc8+ Ke7 11. Rb1 Qxc3+ 12. Kd1 g5 13. Bg3 Bg7 14. Qxb7+
Nbd7 15. Rc1 Qa3 16. Qa6 Qb2 17. Bd3 Rhb8 18. Ne2 Rb6 19. Qa5 Rc8 20. Rb1 Qxb1+
21. Bxb1 Rxb1+ 22. Nc1 c5 23. Qa6 Kd8 24. Qd3 Ne4 25. Qxb1 Nc3+ 26. Kc2 Nxb1
27. Kxb1 Ke7 28. Rd1 Ke6 29. Ne2 f5 30. dxc5 Rxc5 31. Nd4+ Bxd4 32. Rxd4 Nb6
33. Rb4 Rc4 34. Rxc4 dxc4 35. Bb8 a6 36. f3 Nd5 37. Ba7 f4 38. exf4 Nxf4 39. g3
Nd3 40. Be3 Kd5 41. Bd2 Ne5 42. f4 Nf3 43. Kc2 g4 44. f5 Nd4+ 45. Kc3 Nxf5 46.
Kb4 Kd4 47. a4 Kd3 48. Bc1 h5 49. Ka5 Nxg3 50. Kxa6 Ne2 51. Bg5 Nd4 52. a5 c3
53. Kb6 Kc4 54. a6 Nb5 55. Bf6 c2 0-1

[Event "1.CLZ 24/25,Lysa nad Labem B-Cesky lev Kolesovice"]
[Site "Lysa nad Labem"]
[Date "2024.12.08"]
[Round "4.8"]
[White "Movsesian, Julia"]
[Black "Jurasek, Miroslav"]
[WhiteElo "2210"]
[BlackElo "2266"]
[Result "1/2-1/2"]
[PlyCount "48"]

1. e4 e5 2. Nf3 Nc6 3. Bc4 Nf6 4. d3 Bc5 5. Nc3 h6 6. a4 d6 7. h3 O-O 8. Be3
Nd4 9. O-O Be6 10. Bxe6 Nxf3+ 11. Qxf3 fxe6 12. Bxc5 Nd7 13. Qe3 Nxc5 14. Ne2
Qh4 15. b4 Nd7 16. Rab1 Rf6 17. a5 Nf8 18. f4 exf4 19. Rxf4 Rxf4 20. Nxf4 Qg5
21. Qf2 Qf6 22. Qe3 Qg5 23. Qf2 Qf6 24. Qe3 Qg5 1/2-1/2

[Event "1.CLZ 24/25,DP Praha-MGMBA Unichess"]
[Site "Praha"]
[Date "2024.12.08"]
[Round "4.1"]
[White "Sulypa, Oleksandr"]
[Black "Michalik, Peter"]
[WhiteElo "2453"]
[BlackElo "2561"]
[Result "1/2-1/2"]
[PlyCount "96"]

1. c4 Nf6 2. Nf3 e6 3. Nc3 d5 4. d4 Nbd7 5. cxd5 exd5 6. Bg5 h6 7. Bh4 c6 8. e3
Be7 9. Qc2 O-O 10. Bd3 Re8 11. O-O Ne4 12. Bxe4 Bxh4 13. Bh7+ Kh8 14. Bd3 Be7
15. Rfe1 Nf6 16. Ne5 Kg8 17. h3 Be6 18. f4 c5 19. Bb5 Rf8 20. Rad1 Qc7 21. Bd3
a6 22. Bf5 b5 23. Bxe6 fxe6 24. Qg6 Qc8 25. Rf1 Qe8 26. f5 b4 27. Ne2 exf5 28.
Rxf5 Bd6 29. Nf4 Rd8 30. b3 Qxg6 31. Nexg6 Rfe8 32. dxc5 Bxc5 33. Nxd5 Nxd5 34.
Rdxd5 Bxe3+ 35. Kf1 Kh7 36. Nh4 Rc8 37. Rfe5 Rf8+ 38. Rf5 Rc1+ 39. Ke2 Re8 40.
Rfe5 Rxe5 41. Rxe5 Bg5 42. Nf3 Rc2+ 43. Kf1 Rxa2 44. Nxg5+ hxg5 45. Rxg5 Ra3
46. Rg3 a5 47. Rg5 Kh6 48. h4 Rxb3 1/2-1/2

[Event "1.CLZ 24/25,DP Praha-MGMBA Unichess"]
[Site "Praha"]
[Date "2024.12.08"]
[Round "4.2"]
[White "Kourousis, Epameinondas"]
[Black "Burdalev, Kirill"]
[WhiteElo "2377"]
[BlackElo "2354"]
[Result "1-0"]
[PlyCount "117"]

1. d4 d5 2. Nc3 Nf6 3. Bf4 c5 4. e4 e6 5. Nb5 Na6 6. e5 Nd7 7. c3 Qb6 8. a3 Nc7
9. Nxc7+ Qxc7 10. Nf3 c4 11. h4 Nb6 12. h5 h6 13. a4 a5 14. Be2 Bd7 15. Qc2 Bc6
16. Bd1 Be7 17. Rh3 O-O-O 18. Rg3 Rdg8 19. Nd2 Kb8 20. Qb1 Qd7 21. b3 Ka7 22.
Be3 Ka8 23. bxc4 Nxc4 24. Nxc4 dxc4 25. d5 Bxd5 26. Qb6 Kb8 27. Qa7+ Kc8 28.
Qa8+ Kc7 29. Qxa5+ Kc8 30. Bg4 Qc6 31. Rb1 Bd8 32. Qa8+ Kd7 33. Bf3 Bb6 34.
Qxg8 Rxg8 35. Rxb6 Qxa4 36. Bxd5 exd5 37. Rxb7+ Kc6 38. Rb6+ Kc7 39. Rb1 Qc2
40. Rc1 Qf5 41. Bd4 Qxh5 42. Kd2 Qf5 43. Ke1 h5 44. Kf1 h4 45. Rf3 Qe6 46. Ra1
Rb8 47. Kg1 Rb7 48. Kh2 Kb8 49. Ra5 Qc6 50. Rf4 Qh6 51. Be3 Qe6 52. Rxh4 Rb1
53. Rd4 Qf5 54. Raxd5 Qh5+ 55. Kg3 Qg6+ 56. Rg4 Qe6 57. Rd6 Qxe5+ 58. Bf4 Qxc3+
59. Rd3+ 1-0

[Event "1.CLZ 24/25,DP Praha-MGMBA Unichess"]
[Site "Praha"]
[Date "2024.12.08"]
[Round "4.3"]
[White "Hrabusa, Matej"]
[Black "Bernasek, Jan"]
[WhiteElo "2347"]
[BlackElo "2501"]
[Result "1/2-1/2"]
[PlyCount "59"]

1. Nf3 e6 2. c4 b6 3. g3 Bb7 4. Bg2 c5 5. O-O Nf6 6. Nc3 Be7 7. b3 O-O 8. Bb2
d5 9. e3 dxc4 10. bxc4 Nc6 11. Qe2 Qd7 12. Rad1 Rfd8 13. d3 a6 14. h3 b5 15. d4
cxd4 16. Nxd4 Nxd4 17. Rxd4 Qc7 18. Rxd8+ Bxd8 19. cxb5 Bxg2 20. Kxg2 axb5 21.
Qf3 Rb8 22. Ne4 Nxe4 23. Qxe4 Qb7 24. Qxb7 Rxb7 25. Rc1 Rc7 26. Rxc7 Bxc7 27.
Kf3 f5 28. e4 Kf7 29. g4 g6 30. Bd4 1/2-1/2

[Event "1.CLZ 24/25,DP Praha-MGMBA Unichess"]
[Site "Praha"]
[Date "2024.12.08"]
[Round "4.4"]
[White "Simek, Petr"]
[Black "Plischki, Sebastian"]
[WhiteElo "2311"]
[BlackElo "2323"]
[Result "1/2-1/2"]
[PlyCount "73"]

1. d4 Nf6 2. c4 b6 3. Nc3 Bb7 4. Qc2 d5 5. cxd5 Nxd5 6. Nf3 e6 7. e4 Nxc3 8.
bxc3 Be7 9. Bb5+ c6 10. Bd3 Nd7 11. O-O O-O 12. Bf4 c5 13. Rfe1 cxd4 14. cxd4
Rc8 15. Qd2 Nf6 16. h3 b5 17. Rad1 b4 18. Qe2 Qa5 19. Bg5 Rc7 20. e5 Bxf3 21.
Qxf3 Nd5 22. Bxe7 Nxe7 23. Bb1 Rd8 24. Qe4 g6 25. h4 Rcd7 26. h5 Nf5 27. g4
Rxd4 28. Rxd4 Nxd4 29. Qf4 b3 30. Re4 bxa2 31. Bxa2 Qxa2 32. Qf6 Qb1+ 33. Kh2
Qxe4 34. Qxd8+ Kg7 35. h6+ Kxh6 36. Qh4+ Kg7 37. Qf6+ 1/2-1/2

[Event "1.CLZ 24/25,DP Praha-MGMBA Unichess"]
[Site "Praha"]
[Date "2024.12.08"]
[Round "4.5"]
[White "Pachmann, Ales"]
[Black "Soucek, Petr"]
[WhiteElo "2304"]
[BlackElo "2218"]
[Result "0-1"]
[PlyCount "118"]

1. e4 e5 2. Nf3 Nc6 3. Bb5 a6 4. Bxc6 dxc6 5. O-O Bg4 6. h3 h5 7. d3 Qf6 8.
Nbd2 g5 9. b4 Qg7 10. Nc4 f6 11. hxg4 hxg4 12. Nxg5 Qh6 13. Nh3 Qh4 14. Ne3
gxh3 15. g3 Qh7 16. Qg4 Bd6 17. Qe6+ Qe7 18. Qxe7+ Nxe7 19. Bd2 c5 20. a3 Kd7
21. Kh2 Nc6 22. c3 cxb4 23. axb4 a5 24. b5 Ne7 25. Ra4 b6 26. d4 c6 27. bxc6+
Kxc6 28. d5+ Kc7 29. Rb1 Bc5 30. Nc4 Nc8 31. Be3 Bxe3 32. fxe3 Rb8 33. Nxa5 Ra8
34. Rc4+ Kd7 35. Nc6 Ra2+ 36. Kh1 Nd6 37. Rcb4 b5 38. R1b2 Rxb2 39. Rxb2 Nxe4
40. Kh2 Kd6 41. Nb4 Kc5 42. Na2 f5 43. Nc1 Nxc3 44. Rf2 Kxd5 45. Rxf5 Ke4 46.
Rg5 Nd5 47. Nb3 Nxe3 48. Nd2+ Kd3 49. Nf3 e4 50. Ne5+ Ke2 51. Ng6 Nf1+ 52. Kh1
Rb8 53. Nf4+ Kf3 54. Nd5 Nxg3+ 55. Kh2 Nf1+ 56. Kh1 Ne3 57. Nb4 Ng4 58. Nc2 Rd8
59. Rf5+ Kg3 0-1

[Event "1.CLZ 24/25,DP Praha-MGMBA Unichess"]
[Site "Praha"]
[Date "2024.12.08"]
[Round "4.6"]
[White "Rehorek, Martin"]
[Black "Fedorov, Evgenii"]
[WhiteElo "2241"]
[BlackElo "2259"]
[Result "1-0"]
[PlyCount "135"]

1. Nf3 Nf6 2. c4 e6 3. b3 b6 4. Bb2 Bb7 5. e3 Be7 6. Be2 O-O 7. O-O c5 8. Nc3
a6 9. Qc2 Qc7 10. h3 d6 11. Rac1 Nbd7 12. d4 Rac8 13. Rfd1 cxd4 14. Nxd4 Nc5
15. b4 Ncd7 16. a3 Qb8 17. Qb3 Qa8 18. Bf1 Rc7 19. a4 Rfc8 20. a5 bxa5 21. b5
a4 22. Nxa4 Nc5 23. Nxc5 dxc5 24. bxa6 cxd4 25. axb7 Rxb7 26. Qc2 dxe3 27. fxe3
Rxb2 28. Qxb2 Ba3 29. Qd4 Bxc1 30. Rxc1 Qc6 31. Be2 Qc5 32. Bf3 e5 33. Qxc5
Rxc5 34. Kf2 Kf8 35. g4 h6 36. Ke1 e4 37. Be2 Ke7 38. Ra1 Rc7 39. Kd2 Nd7 40.
Kc3 Nc5 41. Ra8 Kd6 42. Kd4 Kc6 43. Kc3 Rd7 44. h4 g6 45. Kc2 g5 46. h5 Rd6 47.
Kc3 Kd7 48. Ra5 Kc6 49. Ra1 Kd7 50. Rf1 Ke6 51. Rf5 Nd3 52. Ra5 Nc1 53. Bf1 Rd1
54. Bg2 Rd3+ 55. Kc2 Nb3 56. Bxe4 Rxe3 57. Bf5+ Kd6 58. Rd5+ Ke7 59. c5 Na5 60.
Rd7+ Ke8 61. Ra7 Nc4 62. c6 Nd6 63. c7 Re5 64. Ra8+ Ke7 65. c8=Q Nxc8 66. Rxc8
Kf6 67. Rh8 Rc5+ 68. Kd2 1-0

[Event "1.CLZ 24/25,DP Praha-MGMBA Unichess"]
[Site "Praha"]
[Date "2024.12.08"]
[Round "4.7"]
[White "Martirosyan, Ara"]
[Black "Juhanak, Daniel"]
[WhiteElo "1937"]
[BlackElo "2083"]
[Result "1/2-1/2"]
[PlyCount "83"]

1. e4 e6 2. d4 d5 3. Nc3 Nf6 4. e5 Nfd7 5. f4 c5 6. Nf3 Nc6 7. Be3 Rb8 8. Qd2
Qa5 9. Nb5 a6 10. Qxa5 Nxa5 11. Na7 Nc4 12. Bxc4 dxc4 13. O-O-O cxd4 14. Bxd4
Be7 15. Nd2 b5 16. Nc6 Ra8 17. Nxe7 Kxe7 18. Ne4 Bb7 19. Rhe1 Bxe4 20. Rxe4 h5
21. Bf2 Rhc8 22. Red4 Rc7 23. Rd6 g5 24. Be3 gxf4 25. Bxf4 Rg8 26. h4 Rxg2 27.
Bg5+ Rxg5 28. hxg5 a5 29. Ra6 a4 30. Rh1 Nxe5 31. Rxh5 Rc5 32. Rh8 Rd5 33. Ra7+
Kd6 34. Rc8 Nd7 35. Rd8 Kc6 36. c3 e5 37. Rc8+ Kd6 38. Ra6+ Ke7 39. g6 fxg6 40.
Rxg6 e4 41. Rg4 Nc5 42. Rxc5 1/2-1/2

[Event "1.CLZ 24/25,DP Praha-MGMBA Unichess"]
[Site "Praha"]
[Date "2024.12.08"]
[Round "4.8"]
[White "Tesar, Jakub"]
[Black "Pribyl, Josef"]
[WhiteElo "2084"]
[BlackElo "2196"]
[Result "0-1"]
[PlyCount "78"]

1. c4 e5 2. Nc3 Nc6 3. g3 Bb4 4. Nd5 a5 5. Bg2 Nge7 6. e3 d6 7. Ne2 Nxd5 8.
cxd5 Ne7 9. O-O Bc5 10. b3 O-O 11. Bb2 Bd7 12. d4 exd4 13. Nxd4 a4 14. Qd3 Qc8
15. Rac1 axb3 16. axb3 Nf5 17. Nc2 Ra2 18. Qc3 f6 19. b4 Bb6 20. Na3 Re8 21.
Qb3 Rxa3 22. Qxa3 Nxe3 23. Rfe1 Ng4 24. Rxe8+ Qxe8 25. Qa1 Bxf2+ 26. Kh1 Bxg3
27. Bd4 Bxh2 28. Rxc7 Bf4 29. Qc3 Qh5+ 30. Kg1 Qh2+ 31. Kf1 Bb5+ 32. Ke1 Qxg2
33. Rc8+ Kf7 34. Qc7+ Kg6 35. Qc2+ Qxc2 36. Rxc2 h5 37. Rc7 Ba6 38. b5 Bxb5 39.
Rxb7 Bc4 0-1